[Event "CRO-chT2 West"]
[Site "Croatia"]
[Date "2014.03.30"]
[Round "5.23"]
[White "Grozdanic, Velin"]
[Black "Franciskovic, Vinko"]
[Result "0-1"]
[WhiteElo "2074"]
[BlackElo "2103"]
[PlyCount "78"]
[EventDate "2014.03.15"]
[EventType "team-tourn"]
[EventRounds "9"]
[EventCountry "CRO"]
[SourceTitle "EXT 2019"]
[Source "ChessBase"]
[SourceDate "2018.10.10"]
[SourceVersion "1"]
[SourceVersionDate "2018.10.10"]
[SourceQuality "1"]
[WhiteTeam "Rijeka Junior"]
[BlackTeam "Rijeka CC II"]
[WhiteTeamCountry "CRO"]
[BlackTeamCountry "CRO"]

1. e4 e5 2. Nf3 Nc6 3. Bb5 Nge7 4. 0-0 Ng6 5. d4 exd4 6. Bxc6 dxc6 7. Qxd4 Qxd4 8. Nxd4 Be7 9. Be3 Bd7 10. f4 0-0-0 11. Nd2 Rhe8 12. Rae1 b6 13. c3 f6 14. Kh1 c5 15. Ne2 Bc6 16. c4 Bd6 17. Nc3 f5 18. e5 Be7 19. Nf3 Rd3 20. Bc1 Red8 21. Kg1 Bxf3 22. Rxf3 Rxf3 23. gxf3 Rd4 24. Rd1 Rxc4 25. e6 Rd4 26. Rxd4 cxd4 27. Nb5 c5 28. Nxa7+ Kb7 29. Nb5 Nf8 30. b4 Nxe6 31. bxc5 bxc5 32. a4 Kb6 33. Bd2 c4 34. Kf2 Bc5 35. Ke2 d3+ 36. Kd1 Nd4 37. Nc3 Nxf3 38. h3 Nxd2 39. Kxd2 Bb4 0-1

[Event "CRO-chT1B 21st"]
[Site "Sibenik"]
[Date "2012.09.26"]
[Round "4.3"]
[White "Grozdanic, Velin"]
[Black "Maras, Mile"]
[Result "1-0"]
[WhiteElo "2094"]
[BlackElo "2243"]
[PlyCount "95"]
[EventDate "2012.09.23"]
[EventType "team-tourn"]
[EventRounds "7"]
[EventCountry "CRO"]
[SourceTitle "CBM 150 Extra"]
[Source "ChessBase"]
[SourceDate "2012.10.19"]
[SourceVersion "1"]
[SourceVersionDate "2012.10.19"]
[SourceQuality "1"]
[WhiteTeam "Rijeka Junior"]
[BlackTeam "Pozega"]
[WhiteTeamCountry "CRO"]
[BlackTeamCountry "CRO"]

1. e4 c5 2. Nc3 Nc6 3. f4 d6 4. Bc4 g6 5. Nf3 Bg7 6. 0-0 e6 7. d3 Nge7 8. Qe1 Nd4 9. f5 Nxf3+ 10. Rxf3 Nc6 11. fxe6 Bxe6 12. Bxe6 fxe6 13. Qg3 Ne5 14. Rf2 Qd7 15. Bg5 h6 16. Bf6 Bxf6 17. Rxf6 0-0-0 18. Raf1 Rde8 19. Qh3 h5 20. Ne2 g5 21. d4 cxd4 22. Nxd4 Kb8 23. Rxe6 g4 24. Qb3 h4 25. Rff6 Rxe6 26. Qxe6 Qxe6 27. Rxe6 h3 28. Nf5 hxg2 29. Kxg2 Kc7 30. Rxd6 Nc4 31. Rd4 Ne5 32. Rd5 Nf3 33. h4 gxh3+ 34. Kxf3 h2 35. Ng3 h1Q+ 36. Nxh1 Rxh1 37. e5 Re1 38. Kf4 Kc6 39. Rd6+ Kc5 40. Rd2 Rf1+ 41. Kg5 a5 42. e6 Rg1+ 43. Kf6 Rf1+ 44. Kg7 Rg1+ 45. Kf8 Rf1+ 46. Ke8 Kc6 47. e7 b5 48. Kd8 1-0

[Event "CRO-chT1A 20th"]
[Site "Sibenik"]
[Date "2011.10.04"]
[Round "1.1"]
[White "Zelcic, Robert"]
[Black "Grozdanic, Velin"]
[Result "1-0"]
[WhiteElo "2564"]
[BlackElo "2080"]
[PlyCount "95"]
[EventDate "2011.10.04"]
[EventType "team-tourn"]
[EventRounds "9"]
[EventCountry "CRO"]
[SourceTitle "CBM 144 Extra"]
[Source "ChessBase"]
[SourceDate "2011.10.28"]
[SourceVersion "1"]
[SourceVersionDate "2011.10.28"]
[SourceQuality "1"]
[WhiteTeam "Zagreb"]
[BlackTeam "Rijeka Junior"]
[WhiteTeamCountry "CRO"]
[BlackTeamCountry "CRO"]

1. e4 e6 2. d4 d5 3. Nc3 dxe4 4. Nxe4 Nf6 5. Nxf6+ gxf6 6. Be3 Bd7 7. Qd3 Bc6 8. 0-0-0 Nd7 9. Ne2 b5 10. Nf4 Nb6 11. Qb3 Qd7 12. d5 0-0-0 13. Bxb5 Bxb5 14. dxe6 Qc6 15. Rxd8+ Kxd8 16. exf7 Kc8 17. Bxb6 axb6 18. Re1 Bd6 19. Ne6 Qc4 20. Qf3 Qxa2 21. Qxf6 Qa1+ 22. Kd2 Bb4+ 23. c3 Qxb2+ 24. Ke3 Bxc3 25. f8Q+ Rxf8 26. Qxf8+ Kb7 27. Qf3+ Kb8 28. Rd1 Bd2+ 29. Rxd2 Qc3+ 30. Kf4 Qxd2+ 31. Qe3 Qd6+ 32. Qe5 Qb4+ 33. Kg3 Qb3+ 34. f3 Qc4 35. h4 Bd7 36. Ng5 b5 37. Qh8+ Ka7 38. Qxh7 Qc6 39. Qe7 Bf5 40. h5 Ka6 41. Qe5 Qc2 42. h6 b4 43. Ne4 Bxe4 44. Qxe4 Qd2 45. h7 Qg5+ 46. Kf2 Qc5+ 47. Ke2 Qg1 48. Qg6+ 1-0

[Event "CRO-Cup 19th"]
[Site "Sibenik"]
[Date "2010.05.22"]
[Round "5"]
[White "Antunovic, Ivo"]
[Black "Grozdanic, Velin"]
[Result "1-0"]
[WhiteElo "2165"]
[BlackElo "2077"]
[PlyCount "101"]
[EventDate "2010.05.19"]
[EventType "team-tourn"]
[EventRounds "6"]
[EventCountry "CRO"]
[SourceTitle "CBM 136 Extra"]
[Source "ChessBase"]
[SourceDate "2010.07.02"]
[SourceVersion "2"]
[SourceVersionDate "2010.07.15"]
[SourceQuality "1"]

1. Nf3 Nf6 2. g3 g6 3. Bg2 Bg7 4. 0-0 0-0 5. c4 c6 6. d3 d5 7. Na3 dxc4 8. Nxc4 Be6 9. Qc2 Na6 10. Bd2 Bxc4 11. dxc4 Qc8 12. Rab1 Rd8 13. Ba5 Re8 14. Bc3 Qe6 15. b3 c5 16. Ng5 Qb6 17. Qb2 Nh5 18. Bd5 e6 19. Bf3 Bxc3 20. Qxc3 Ng7 21. Rbd1 Rad8 22. Qf6 Qc7 23. Rxd8 Rxd8 24. Nxf7 Rb8 25. Nh6+ Kh8 26. Rd1 Nb4 27. Rd2 a5 28. Bg4 Re8 29. Nf7+ Kg8 30. Nh6+ Kh8 31. Bxe6 Qe7 32. Qxe7 Rxe7 33. Bh3 Ne8 34. Bg2 Nf6 35. h3 a4 36. Ng4 Nxg4 37. hxg4 a3 38. e4 g5 39. f4 h6 40. Kf2 Kg7 41. e5 Kf7 42. Ke3 Kg6 43. Be4+ Kg7 44. Bb1 b5 45. cxb5 Rb7 46. Ke4 Rxb5 47. Kf5 Nc6 48. Rd7+ Kf8 49. Kf6 Ke8 50. e6 Ne5 51. fxe5 1-0

[Event "Omis op"]
[Site "Omis"]
[Date "2006.10.07"]
[Round "7"]
[White "Grozdanic, Velin"]
[Black "Marcic, Ivica"]
[Result "1-0"]
[WhiteElo "2104"]
[BlackElo "2033"]
[PlyCount "83"]
[EventDate "2006.10.04"]
[EventType "swiss"]
[EventRounds "7"]
[EventCountry "CRO"]
[SourceTitle "CBM 114 Extra"]
[Source "ChessBase"]
[SourceDate "2006.11.03"]
[SourceVersion "1"]
[SourceVersionDate "2006.11.03"]
[SourceQuality "1"]

1. e4 c5 2. Nc3 d6 3. f4 Nc6 4. Bc4 Nf6 5. Nf3 Bg4 6. 0-0 Nd4 7. Be2 h5 8. h3 Bxf3 9. Bxf3 e5 10. d3 Qc7 11. fxe5 dxe5 12. Bg5 Nh7 13. Nd5 Qd6 14. Bh4 g5 15. Be1 0-0-0 16. Bxh5 f5 17. c3 Ne6 18. Rxf5 Nf4 19. Bg4 Kb8 20. c4 Bg7 21. Rf7 Qg6 22. Rf5 Nf6 23. Rxf6 Bxf6 24. Bf2 b6 25. a4 Rd6 26. a5 Nxd5 27. cxd5 Bd8 28. axb6 Bxb6 29. Qc2 Qe8 30. Bxc5 Qb5 31. b4 Qxb4 32. Rb1 Qa5 33. Kh2 Rdh6 34. d6 Ka8 35. Bxb6 axb6 36. Qc6+ Ka7 37. Qc7+ Ka6 38. Bc8+ Rxc8 39. Qxc8+ Ka7 40. Rc1 Rh7 41. d7 Rxh3+ 42. Kxh3 1-0

[Event "Omis op"]
[Site "Omis"]
[Date "2006.10.06"]
[Round "4"]
[White "Milosavljevic, Jovan"]
[Black "Grozdanic, Velin"]
[Result "1/2-1/2"]
[WhiteElo "2102"]
[BlackElo "2104"]
[PlyCount "101"]
[EventDate "2006.10.04"]
[EventType "swiss"]
[EventRounds "7"]
[EventCountry "CRO"]
[SourceTitle "CBM 114 Extra"]
[Source "ChessBase"]
[SourceDate "2006.11.03"]
[SourceVersion "1"]
[SourceVersionDate "2006.11.03"]
[SourceQuality "1"]

1. e4 e6 2. d3 d5 3. Nd2 Nf6 4. Ngf3 c5 5. Be2 Be7 6. 0-0 0-0 7. c3 Nc6 8. e5 Nd7 9. d4 c4 10. Ne1 b5 11. a3 a5 12. f4 Qb6 13. Kh1 Ra6 14. Rf3 b4 15. Rh3 bxa3 16. bxa3 a4 17. Rb1 Qc7 18. Nc2 Na5 19. Nb4 Bxb4 20. cxb4 Nb3 21. Qc2 g6 22. Nxb3 axb3 23. Rbxb3 Qa7 24. Rb1 Qxd4 25. Be3 Qe4 26. Qxe4 dxe4 27. Bg1 Bb7 28. Rd1 Bd5 29. Rc3 Rc8 30. Bd4 Rca8 31. Ra1 Ra4 32. Re3 Rb8 33. Kg1 Nb6 34. Bd1 Ra6 35. Bxb6 Rbxb6 36. Rc1 Ra8 37. g3 Kg7 38. Kf2 f6 39. exf6+ Kxf6 40. Rcc3 e5 41. Bc2 exf4 42. gxf4 Kf5 43. Kg3 Rg8 44. h4 h6 45. Bd1 g5 46. Bg4+ Kf6 47. fxg5+ hxg5 48. h5 Ke5 49. Be2 Kd4 50. Bg4 Rf8 51. Be2 1/2-1/2

[Event "Bosnjaci op-B 12th"]
[Site "Bosnjaci"]
[Date "2006.01.08"]
[Round "9"]
[White "Ciganovic, Nikola"]
[Black "Grozdanic, Velin"]
[Result "1-0"]
[WhiteElo "2203"]
[BlackElo "2065"]
[PlyCount "73"]
[EventDate "2006.01.03"]
[EventType "swiss"]
[EventRounds "9"]
[EventCountry "CRO"]
[SourceTitle "CBM 110 Extra"]
[Source "ChessBase"]
[SourceDate "2006.03.10"]
[SourceVersion "2"]
[SourceVersionDate "2006.03.10"]
[SourceQuality "1"]

1. e4 e6 2. d4 d5 3. Nc3 dxe4 4. Nxe4 Nf6 5. Bg5 Be7 6. Bxf6 Bxf6 7. Nf3 Bd7 8. Bd3 Bc6 9. c3 Nd7 10. Qe2 Qe7 11. Nxf6+ Qxf6 12. Be4 Bxe4 13. Qxe4 c6 14. 0-0-0 0-0 15. h4 a5 16. Ng5 Qf5 17. Qxf5 exf5 18. d5 Ne5 19. Rhe1 Rfe8 20. Kc2 cxd5 21. Rxd5 f6 22. Nh3 a4 23. Rb5 a3 24. b3 Ng4 25. Rxe8+ Rxe8 26. b4 Nxf2 27. Nxf2 Re2+ 28. Kb3 Rxf2 29. g3 Rf3 30. Rxb7 Rxg3 31. Rd7 f4 32. b5 f3 33. Rd1 f2 34. b6 Rd3 35. b7 Rd8 36. Rxd8+ Kf7 37. Rd1 1-0

[Event "CRO-chT U20 13th"]
[Site "Rabac"]
[Date "2004.09.10"]
[Round "6"]
[White "Seric, Alen"]
[Black "Grozdanic, Velin"]
[Result "1-0"]
[WhiteElo "2062"]
[BlackElo "2039"]
[PlyCount "85"]
[EventDate "2004.09.05"]
[EventType "team-tourn"]
[EventRounds "9"]
[EventCountry "CRO"]
[SourceTitle "CBM 102 Extra"]
[Source "ChessBase"]
[SourceDate "2004.11.03"]
[SourceVersion "1"]
[SourceVersionDate "2004.11.03"]
[SourceQuality "1"]

1. d4 Nf6 2. Nf3 g6 3. g3 Bg7 4. Bg2 0-0 5. 0-0 d6 6. c4 Nbd7 7. Qc2 c6 8. Nc3 Qc7 9. Rd1 e5 10. e4 b6 11. b3 Bb7 12. Bb2 Rfe8 13. a4 a6 14. Ba3 c5 15. dxe5 Nxe5 16. Nd2 Nc6 17. h3 Nd4 18. Qd3 Nd7 19. f4 Rad8 20. Rab1 Nf8 21. Nd5 Bxd5 22. cxd5 b5 23. Bb2 Nd7 24. Kh2 Rb8 25. Rdc1 bxa4 26. Bxd4 Bxd4 27. Qxd4 Qa5 28. Qc3 Qxc3 29. Rxc3 Nb6 30. bxa4 Nxa4 31. Rcb3 Rb5 32. Rxb5 axb5 33. Rxb5 Nc3 34. Rb3 Ne2 35. Nc4 Nd4 36. Rb6 Ra8 37. Nxd6 Ra2 38. Rb1 Nf3+ 39. Kh1 Nd2 40. Rc1 Nb3 41. Rc3 Nd4 42. Nc4 Ne2 43. Re3 1-0

[Event "CRO-ch U19"]
[Site "Rabac"]
[Date "2003.??.??"]
[Round "1"]
[White "Grozdanic, Velin"]
[Black "Miletic, Josip"]
[Result "1/2-1/2"]
[WhiteElo "2016"]
[BlackElo "2160"]
[PlyCount "49"]
[EventDate "2003.??.??"]
[EventType "swiss"]
[EventRounds "9"]
[EventCountry "CRO"]
[SourceTitle "EXT 2005"]
[Source "ChessBase"]
[SourceDate "2004.11.15"]
[SourceVersion "1"]
[SourceVersionDate "2004.11.15"]
[SourceQuality "1"]

1. e4 c5 2. Nc3 e6 3. f4 d5 4. Bb5+ Bd7 5. Bxd7+ Qxd7 6. d3 Nc6 7. Nf3 d4 8. Ne2 Nf6 9. 0-0 Be7 10. h3 0-0 11. Ne5 Qc7 12. Nxc6 Qxc6 13. Ng3 c4 14. f5 Bd6 15. Nh5 Nxh5 16. Qxh5 Be7 17. f6 Bxf6 18. Rxf6 gxf6 19. Bh6 Kh8 20. Qh4 e5 21. Bxf8 Rxf8 22. Rf1 cxd3 23. cxd3 Kg7 24. Qg4+ Kh8 25. Qh4 1/2-1/2

[Event "CRO-ch U17"]
[Site "Pula"]
[Date "2002.??.??"]
[Round "5"]
[White "Bosiocic, Marin"]
[Black "Grozdanic, Velin"]
[Result "1-0"]
[WhiteElo "2079"]
[BlackElo "2026"]
[PlyCount "125"]
[EventDate "2002.??.??"]
[EventType "swiss"]
[EventRounds "9"]
[EventCountry "CRO"]
[SourceTitle "EXT 2003"]
[Source "ChessBase"]
[SourceDate "2002.11.25"]
[SourceVersion "1"]
[SourceVersionDate "2002.11.25"]
[SourceQuality "1"]

1. e4 e6 2. Nf3 d5 3. Nc3 Nf6 4. e5 Nfd7 5. d4 c5 6. dxc5 Nc6 7. Bf4 Bxc5 8. Bd3 Be7 9. h4 a6 10. Ne2 f6 11. exf6 Nxf6 12. 0-0 Bd6 13. Bxd6 Qxd6 14. c4 Ne5 15. Nxe5 Qxe5 16. cxd5 Nxd5 17. Qa4+ Bd7 18. Qd4 Qf6 19. Bc4 Bc6 20. Rfe1 0-0 21. Qxf6 Rxf6 22. Nd4 Re8 23. Rad1 Nf4 24. Nxc6 bxc6 25. Bxa6 Rg6 26. g3 Rf8 27. Rd2 Nh3+ 28. Kg2 Nf4+ 29. Kh2 Nd5 30. Rc1 Rgf6 31. Kg2 Ne7 32. Bc4 h6 33. Re2 Nd5 34. Bb3 Rg6 35. Rd2 Ne7 36. Re2 Nd5 37. Rd2 Ne7 38. Re1 Nd5 39. Rc1 Ne7 40. Bc2 Rgf6 41. Be4 Ra8 42. a3 Ra6 43. Rd6 Rb6 44. Rc2 e5 45. Rd8+ Kf7 46. Rcd2 Rb7 47. Bd3 c5 48. h5 Nf5 49. Bc4+ Ke7 50. R8d5 Nd6 51. Rxe5+ Kf8 52. Rxc5 Nxc4 53. Rxc4 Rfb6 54. b4 Ra7 55. Rd3 Kf7 56. Rdc3 Kf6 57. Rc6+ Rxc6 58. Rxc6+ Kg5 59. Rc5+ Kf6 60. Rc3 Kg5 61. Rb3 Kxh5 62. b5 g5 63. b6 1-0